[Event "7. Torneo de São José do Rio Preto - B"]
[Site "São José do Rio Preto BRA"]
[Date "2008.03.29"]
[Round "9.6"]
[White "Narvaez, Eduardo de Oliveira"]
[Black "Polachini, Diego"]
[Result "1-0"]
[WhiteElo "2031"]
[BlackElo "1981"]
[PlyCount "87"]
[EventDate "2008.03.24"]
[EventType "tourn"]
[EventRounds "11"]
[EventCountry "BRA"]
[Source "lmi"]
[SourceDate "2008.03.24"]

1. d4 d5 2. Nf3 Nf6 3. c4 e6 4. Nc3 Be7 5. cxd5 exd5 6. Bg5 c6 7. e3 O-O 8. Bd3
Bg4 9. h3 Bh5 10. O-O Nbd7 11. Rb1 Qa5 12. g4 Bg6 13. Ne5 Bd6 14. f4 Bxd3 15.
Qxd3 Rfe8 16. Rf2 Qc7 17. b4 a6 18. Rc2 Bf8 19. Bxf6 Nxf6 20. g5 Nh5 21. Nxd5
Qd6 22. Nc3 Rad8 23. Qe2 g6 24. Qc4 Qe6 25. Qxe6 Rxe6 26. Ne4 f5 27. Nc5 Re7
28. Kf2 Bg7 29. Ned3 Rde8 30. Re1 Bf8 31. Ne5 Ng7 32. Rb1 Ne6 33. a4 Rc7 34.
Nxe6 Rxe6 35. b5 Bg7 36. d5 Rd6 37. dxc6 Bxe5 38. fxe5 Rd5 39. bxa6 bxc6 40.
Rb7 Rc8 41. a7 Rxe5 42. Rb8 Ree8 43. Rxc8 Rxc8 44. Rb2 1-0

[Event "7. Torneo de São José do Rio Preto - B"]
[Site "São José do Rio Preto BRA"]
[Date "2008.03.29"]
[Round "10.1"]
[White "Brandao, Evandro Alves"]
[Black "Polachini, Diego"]
[Result "1-0"]
[WhiteElo "2029"]
[BlackElo "1971"]
[PlyCount "49"]
[EventDate "2008.03.24"]
[EventType "tourn"]
[EventRounds "11"]
[EventCountry "BRA"]
[Source "lmi"]
[SourceDate "2008.03.24"]

1. e4 e6 2. d4 d5 3. Nd2 Nf6 4. e5 Nfd7 5. c3 c5 6. Bd3 Nc6 7. Ngf3 Qb6 8. O-O
cxd4 9. cxd4 Nxd4 10. Nxd4 Qxd4 11. Nf3 Qb6 12. Qe2 Be7 13. Be3 Qd8 14. Rac1
O-O 15. Qc2 h6 16. Qa4 f5 17. exf6 Bxf6 18. Qg4 Ne5 19. Nxe5 Bxe5 20. f4 Bf6
21. Qg6 b6 22. g4 d4 23. Bd2 a5 24. g5 Ra7 25. Qh7+ 1-0

[Event "7. Torneo de São José do Rio Preto - B"]
[Site "São José do Rio Preto BRA"]
[Date "2008.03.29"]
[Round "10.2"]
[White "Camargo, Peter Jackson Mille"]
[Black "Narvaez, Eduardo de Oliveira"]
[Result "0-1"]
[WhiteElo "1834"]
[BlackElo "2031"]
[PlyCount "92"]
[EventDate "2008.03.24"]
[EventType "tourn"]
[EventRounds "11"]
[EventCountry "BRA"]
[Source "lmi"]
[SourceDate "2008.03.24"]

1. d4 Nf6 2. Nf3 g6 3. Bf4 Bg7 4. c4 O-O 5. Nc3 d6 6. h3 Nfd7 7. Bg3 e5 8. dxe5
dxe5 9. e4 c6 10. Qd2 Qc7 11. Rd1 a5 12. Be2 Na6 13. O-O Ndc5 14. Qd6 Re8 15.
Rfe1 Nd7 16. a3 Qxd6 17. Rxd6 Nac5 18. b4 axb4 19. axb4 Ne6 20. Rdd1 Ra3 21.
Rc1 Bh6 22. Rc2 Nd4 23. Nxd4 exd4 24. Nb1 Rb3 25. Rd1 Rxb4 26. f3 Rb3 27. Nd2
Ra3 28. Nf1 c5 29. Rb2 Ne5 30. Nd2 Bg7 31. Rb5 Nd7 32. Bf1 Be5 33. Bf2 b6 34.
g3 Bb7 35. f4 Bc7 36. e5 Rea8 37. Rbb1 Kf8 38. h4 Ke7 39. Bh3 Ra2 40. Bf1 Nb8
41. Nb3 Be4 42. Bd3 Bxd3 43. Rxd3 Nc6 44. Be1 Rc2 45. Nd2 Raa2 46. Rd1 Na5 0-1

[Event "7. Torneo de São José do Rio Preto - B"]
[Site "São José do Rio Preto BRA"]
[Date "2008.03.29"]
[Round "10.4"]
[White "Freire Dos Santos, Fernando Junior"]
[Black "Zallio, Luciano Souza"]
[Result "1-0"]
[WhiteElo "2065"]
[BlackElo "2087"]
[PlyCount "79"]
[EventDate "2008.03.24"]
[EventType "tourn"]
[EventRounds "11"]
[EventCountry "BRA"]
[Source "lmi"]
[SourceDate "2008.03.24"]

1. d4 d5 2. Nf3 e6 3. c4 Nf6 4. Nc3 c6 5. cxd5 exd5 6. Bg5 Be7 7. e3 Bg4 8. h3
Bh5 9. Bd3 Nbd7 10. O-O Ne4 11. Bf4 f5 12. Be2 O-O 13. Ne1 Bxe2 14. Nxe2 g5 15.
Bh2 Bd6 16. Bxd6 Nxd6 17. Nd3 Qe8 18. Re1 Qg6 19. Kf1 Rae8 20. Ng1 Re7 21. Nf3
Nf6 22. h4 gxh4 23. Nxh4 Qh6 24. g3 Ng4 25. Nf4 Ne4 26. Nxf5 Rxf5 27. Qxg4+ Rg5
28. Qc8+ Kf7 29. Qh3 Qg7 30. Kg2 Kf8 31. Ne6+ Rxe6 32. Qxe6 Rxg3+ 33. Kf1 Rf3
34. Qc8+ Kf7 35. Qxb7+ Kg6 36. Qxg7+ Kxg7 37. Re2 h5 38. Kg2 Ng5 39. Rh1 Kg6
40. Rc2 1-0

[Event "7. Torneo de São José do Rio Preto - B"]
[Site "São José do Rio Preto BRA"]
[Date "2008.03.29"]
[Round "10.5"]
[White "Fernandes, Luiz"]
[Black "De Jesus Maria Cardoso, Arnulfo"]
[Result "1-0"]
[WhiteElo "1558"]
[BlackElo "1854"]
[PlyCount "53"]
[EventDate "2008.03.24"]
[EventType "tourn"]
[EventRounds "11"]
[EventCountry "BRA"]
[Source "lmi"]
[SourceDate "2008.03.24"]

1. Nf3 c5 2. e3 d6 3. d4 cxd4 4. exd4 Nf6 5. c4 g6 6. Nc3 Bg7 7. Bf4 O-O 8. Be2
Na6 9. O-O Nc7 10. Qc2 d5 11. Rac1 Bf5 12. Bxc7 Qxc7 13. Qb3 dxc4 14. Bxc4 Qd7
15. Rfd1 a6 16. Ne5 Qe8 17. Bxf7+ Rxf7 18. Nxf7 Qxf7 19. Qxb7 Qf8 20. Nd5 Nxd5
21. Qxd5+ e6 22. Qf3 Rb8 23. Qc6 Bh6 24. Rc5 Bg4 25. f3 Be3+ 26. Kh1 Bf5 27. g4
1-0